000 00354pab a2200157 454500
008 180718b2014 xxu||||| |||| 00| 0 eng d
100 _aPrasad, Archana
245 _aEvidence from some 'Least developed' states
260 _c2014
300 _ap.44-47.
362 _aJan
650 _aTribes
773 _aYojana
908 _aN
909 _a103372
999 _c103368
_d103368